| 000 | 00656nam a2200205 a 4500 | ||
|---|---|---|---|
| 005 | 20210219153600.0 | ||
| 008 | 010522s2000 r 000 0 eng d | ||
| 020 | _a9875380016 | ||
| 035 | _aUPN01000106696 | ||
| 049 | _aCG | ||
| 050 | 4 |
_aBF109 V9 _bV5.3 |
|
| 245 | 0 | 0 |
_aVigotski : _bsu proyección en el pensamiento actual / _cGuillermo Blanck ... [et al.] ; comp. Silvia Dubrovsky. |
| 260 |
_aBuenos Aires : _bNovedades Educativas, _c2000. |
||
| 300 | _a95 p. | ||
| 440 | 0 | _aPsicología y educación | |
| 600 | 1 | 4 |
_aVYGOTSKI, LEV SEMYNOVICH, _d1896-1934 |
| 700 | 1 |
_aBlanck, Guillermo, _ecoaut. |
|
| 700 | 1 |
_aDubrovsky, Silvia, _ecomp. |
|
| 905 | _aLibro | ||
| 999 |
_c80608 _d80608 |
||